000 00296nam a2200121Ia 4500
005 20251222155127.0
008 251222s9999||||xx |||||||||||||| ||spa||
082 _aREL.189.1-2/Ej.2
245 0 _aJuan Pable II el Papa viajero en el PerĂº
250 _a1ra. ed.
264 _bCorreo
942 _cLIB
999 _c38678
_d38678